| 000 | 00000cam 2200000zi 4500 |
| 001 | 9.956826 |
| 003 | CaOODSP |
| 005 | 20251209155741 |
| 006 | m o d f |
| 007 | cr cn||||||||| |
| 008 | 251029e20251209oncd obs f000 0 eng d |
| 020 | |a9780660795270 |
| 040 | |aCaOODSP|beng|erda|cCaOODSP |
| 043 | |an-cn--- |
| 086 | 1 |aCS85-002/45-7E-PDF |
| 100 | 1 |aSavage, Laura, |eauthor. |
| 245 | 10|aPatterns of re-offending among accused persons living in rural areas of the Canadian provinces, 2014 to 2023 / |cby Laura Savage. |
| 264 | 1|a[Ottawa] : |bStatistics Canada = Statistique Canada, |cDecember 9, 2025. |
| 264 | 4|c©2025 |
| 300 | |a1 online resource (27 pages) : |bcharts. |
| 336 | |atext|btxt|2rdacontent |
| 337 | |acomputer|bc|2rdamedia |
| 338 | |aonline resource|bcr|2rdacarrier |
| 490 | 1 |aJuristat, |x1209-6393 ; |v[Vol. 45, no. 7] |
| 500 | |aCover title. |
| 500 | |aIssued also in French under title: Tendances en matière de récidive chez les auteurs présumés vivant dans les régions rurales des provinces canadiennes, 2014 à 2023. |
| 500 | |a"Release date: December 9, 2025." |
| 504 | |aIncludes bibliographical references (pages 18-19). |
| 650 | 0|aRural crimes|zCanada|vStatistics. |
| 650 | 0|aLaw enforcement|zCanada|vStatistics. |
| 655 | 7|aStatistics|2lcgft |
| 710 | 2 |aStatistics Canada, |eissuing body. |
| 775 | 08|tTendances en matière de récidive chez les auteurs présumés vivant dans les régions rurales des provinces canadiennes, 2014 à 2023 / |w(CaOODSP)9.956827 |
| 830 | #0|aJuristat,|x1209-6393 ; |v[Vol. 45, no. 7].|w(CaOODSP)9.936876 |
| 856 | 40|qPDF|s685 KB|uhttps://publications.gc.ca/collections/collection_2025/statcan/85-002-x/CS85-002-45-7-eng.pdf |
| 856 | 4 |qHTML|sN/A|uhttps://www150.statcan.gc.ca/n1/pub/85-002-x/2025001/article/00007-eng.htm |